[Event "Sao Bento do Sul op 10"]
[Site "Sao Bento do Sul"]
[Date "2018.10.21"]
[Round "6"]
[White "Both, Vinicius Andre"]
[Black "De Borba, Gabriel"]
[Result "1-0"]
[WhiteElo "2000"]
[BlackElo "2033"]
[PlyCount "107"]
[EventDate "2018.10.19"]
[EventType "swiss"]
[EventRounds "7"]
[EventCountry "BRA"]
[SourceTitle "EXT 2021"]
[Source "ChessBase"]
[SourceDate "2020.10.23"]
[SourceVersion "1"]
[SourceVersionDate "2020.10.23"]
[SourceQuality "1"]

1. d4 Nf6 2. c4 g6 3. f3 Bg7 4. e4 d6 5. Nc3 0-0 6. Be3 Nc6 7. Nge2 e5 8. d5 Ne7 9. Qd2 Ne8 10. h4 f5 11. 0-0-0 f4 12. Bf2 a6 13. Kb1 Rb8 14. Nc1 Nf6 15. c5 b6 16. cxd6 cxd6 17. Nb3 b5 18. Rc1 Bd7 19. Bd3 a5 20. Ne2 b4 21. Qc2 a4 22. Nd2 Rc8 23. Nc4 Bb5 24. Qd2 Bxc4 25. Rxc4 Rxc4 26. Bxc4 Qb6 27. Rc1 Rc8 28. Be1 Qa7 29. Qxb4 Ne8 30. Qa5 Qxa5 31. Bxa5 Bf6 32. Be1 h6 33. Bb5 Ra8 34. Rc4 a3 35. Ra4 Rb8 36. Rb4 axb2 37. Rxb2 g5 38. hxg5 hxg5 39. a4 g4 40. Bb4 g3 41. Bxe8 Rxe8 42. Bxd6 Ng6 43. a5 Ra8 44. Rb8+ Rxb8+ 45. Bxb8 Bd8 46. a6 Bb6 47. a7 Bxa7 48. Bxa7 Kf7 49. Bb8 Kf6 50. Bc7 Ke7 51. Kc2 Kd7 52. Bxe5 Nxe5 53. Nxf4 Nc4 54. Kd3 1-0

[Event "Sao Bento do Sul op 10"]
[Site "Sao Bento do Sul"]
[Date "2018.10.21"]
[Round "7"]
[White "Piccoli, Lucas Fonseca"]
[Black "Both, Vinicius Andre"]
[Result "1-0"]
[WhiteElo "1974"]
[BlackElo "2000"]
[PlyCount "128"]
[EventDate "2018.10.19"]
[EventType "swiss"]
[EventRounds "7"]
[EventCountry "BRA"]
[SourceTitle "EXT 2021"]
[Source "ChessBase"]
[SourceDate "2020.10.23"]
[SourceVersion "1"]
[SourceVersionDate "2020.10.23"]
[SourceQuality "1"]

1. c4 c6 2. Nc3 d5 3. cxd5 cxd5 4. d4 Nf6 5. Nf3 Nc6 6. Bf4 Bf5 7. e3 e6 8. Bd3 Bxd3 9. Qxd3 Bd6 10. Bg3 0-0 11. 0-0 Bxg3 12. hxg3 Rc8 13. Rac1 Qd6 14. Nb5 Qe7 15. Nd2 a6 16. Nc3 Na5 17. Na4 Nd7 18. b3 b5 19. Nb2 Nb6 20. Qb1 Qa3 21. Nd3 Nb7 22. Nf3 Nd7 23. Rc2 Nd6 24. Rfc1 Rxc2 25. Rxc2 Ne4 26. Rc7 Ndf6 27. Qc2 b4 28. Nfe5 Nc3 29. Nc6 a5 30. Ra7 Qxa2 31. Qxa2 Nxa2 32. Rxa5 Nc3 33. Ncxb4 h5 34. Nc6 Kh7 35. Ra7 g6 36. Nf4 Kg8 37. Ne7+ Kh8 38. Nexg6+ fxg6 39. Nxg6+ Kg8 40. Nxf8 Kxf8 41. Rc7 Nb5 42. Rc5 Nd6 43. b4 Ke8 44. f3 Kd7 45. Ra5 Nc4 46. Ra7+ Kc6 47. Rf7 Nd7 48. Kf2 Nb8 49. Rf6 Kd6 50. Rh6 Na6 51. b5 Nc7 52. b6 Nxb6 53. Rxh5 Nd7 54. g4 Ne8 55. Rh6 Nf8 56. f4 Ke7 57. Kf3 Kf7 58. f5 Kg7 59. Rh1 Nd6 60. Kf4 Kf7 61. Ra1 Kf6 62. g5+ Kf7 63. Ra7+ Kg8 64. g6 exf5 1-0

[Event "Sao Bento do Sul op 10"]
[Site "Sao Bento do Sul"]
[Date "2018.10.20"]
[Round "3"]
[White "Both, Vinicius Andre"]
[Black "Campagnolo, Fabiola"]
[Result "1-0"]
[WhiteElo "2000"]
[BlackElo "1843"]
[PlyCount "89"]
[EventDate "2018.10.19"]
[EventType "swiss"]
[EventRounds "7"]
[EventCountry "BRA"]
[SourceTitle "EXT 2021"]
[Source "ChessBase"]
[SourceDate "2020.10.23"]
[SourceVersion "1"]
[SourceVersionDate "2020.10.23"]
[SourceQuality "1"]

1. d4 Nf6 2. c4 g6 3. g3 Bg7 4. Bg2 d6 5. Nf3 0-0 6. 0-0 Nbd7 7. Qc2 e5 8. Rd1 exd4 9. Nxd4 a5 10. Nc3 Nc5 11. b3 Re8 12. Bb2 Qe7 13. h3 Nfe4 14. Nd5 Qd8 15. Rac1 c6 16. Nc3 Qe7 17. Nxe4 Nxe4 18. Nf3 Bh6 19. e3 Bf5 20. Qe2 Qd7 21. Kh2 Nc5 22. Ba1 Ne6 23. e4 Bxc1 24. Rxc1 Bxe4 25. Qxe4 f5 26. Qd3 Rad8 27. Nd4 Nc5 28. Qc3 Qg7 29. Qf3 Qh6 30. Rd1 Ne4 31. Ne2 Rd7 32. Nc3 Nc5 33. Qf4 Qf8 34. Qd2 Ne6 35. Ne2 Qe7 36. Nf4 Kf8 37. Qc3 Qf7 38. Nxe6+ Rxe6 39. Qxa5 Re2 40. Rd2 Qe6 41. Rxe2 Qxe2 42. Qa8+ Ke7 43. Bg7 Ke6 44. Qg8+ Ke7 45. Qf8+ 1-0

[Event "Blumenau STD op"]
[Site "Blumenau"]
[Date "2018.09.29"]
[Round "3"]
[White "Both, Vinicius Andre"]
[Black "Matsuura, Everaldo"]
[Result "0-1"]
[WhiteElo "2000"]
[BlackElo "2480"]
[PlyCount "80"]
[EventDate "2018.09.28"]
[EventType "swiss"]
[EventRounds "6"]
[EventCountry "BRA"]
[SourceTitle "EXT 2020"]
[Source "ChessBase"]
[SourceDate "2019.10.17"]
[SourceVersion "1"]
[SourceVersionDate "2019.10.17"]
[SourceQuality "1"]

1. e4 c5 2. Nf3 e6 3. Nc3 a6 4. g3 b5 5. Bg2 Bb7 6. d3 d6 7. 0-0 Nf6 8. Nh4 Nc6 9. f4 Be7 10. Be3 d5 11. exd5 exd5 12. Nf5 d4 13. Bf2 0-0 14. Nxe7+ Qxe7 15. Re1 Qc7 16. Ne4 Nxe4 17. Bxe4 Nb4 18. a3 Nd5 19. Qf3 Rad8 20. f5 Ba8 21. g4 f6 22. Bg3 Qb6 23. Re2 a5 24. h3 a4 25. Qf2 b4 26. Bg2 bxa3 27. bxa3 Qb2 28. Ree1 Ne3 29. Bxa8 Rxa8 30. Bf4 Rfe8 31. Rab1 Qxa3 32. Bxe3 dxe3 33. Rxe3 Qc3 34. Rbe1 Rxe3 35. Qxe3 h6 36. Re2 a3 37. Qe6+ Kh7 38. Qf7 Qd4+ 39. Kg2 Qd8 40. Re7 Qxe7 0-1

[Event "Blumenau STD op"]
[Site "Blumenau"]
[Date "2018.09.28"]
[Round "1"]
[White "Both, Vinicius Andre"]
[Black "Blau, Vitoria Caroline"]
[Result "1-0"]
[WhiteElo "2000"]
[BlackElo "1356"]
[PlyCount "77"]
[EventDate "2018.09.28"]
[EventType "swiss"]
[EventRounds "6"]
[EventCountry "BRA"]
[SourceTitle "EXT 2020"]
[Source "ChessBase"]
[SourceDate "2019.10.17"]
[SourceVersion "1"]
[SourceVersionDate "2019.10.17"]
[SourceQuality "1"]

1. d4 Nf6 2. c4 g6 3. Nf3 Bg7 4. g3 d6 5. Bg2 0-0 6. 0-0 c5 7. Nc3 Nbd7 8. b3 Rb8 9. Bb2 a6 10. a4 b6 11. d5 Ng4 12. h3 Nge5 13. Nxe5 Bxe5 14. Qc2 Nf6 15. e4 Bd7 16. f4 Bd4+ 17. Kh2 b5 18. axb5 axb5 19. cxb5 Bxb5 20. Nxb5 Bxb2 21. Qxb2 Rxb5 22. Qc3 Qb6 23. Ra3 Rb8 24. e5 Ne8 25. Rf3 Nc7 26. Re3 Rb4 27. Qa1 Nb5 28. Ra6 Qd8 29. exd6 exd6 30. Ra4 Nd4 31. Rxb4 Rxb4 32. Qe1 Qf6 33. Re8+ Kg7 34. Ra8 Rb7 35. Qe8 Qe7 36. Qh8+ Kh6 37. Re8 Qd7 38. Qf8+ Kh5 39. g4+ 1-0

[Event "Santa Catarina State-ch U20"]
[Site "Blumenau"]
[Date "2018.08.25"]
[Round "4"]
[White "Filgueiras, Nathan Felipe"]
[Black "Both, Vinicius Andre"]
[Result "1-0"]
[WhiteElo "2140"]
[BlackElo "1998"]
[PlyCount "57"]
[EventDate "2018.08.24"]
[EventType "swiss"]
[EventRounds "6"]
[EventCountry "BRA"]
[SourceTitle "EXT 2019"]
[Source "ChessBase"]
[SourceDate "2018.10.10"]
[SourceVersion "1"]
[SourceVersionDate "2018.10.10"]
[SourceQuality "1"]

1. e4 c6 2. d4 d5 3. e5 Bf5 4. h4 h5 5. Bd3 Bxd3 6. Qxd3 e6 7. Nf3 c5 8. 0-0 Nc6 9. dxc5 Bxc5 10. c4 Nge7 11. Nc3 Qa5 12. cxd5 Nb4 13. Qe2 Nbxd5 14. Ne4 Nf5 15. Rd1 Be7 16. g3 0-0-0 17. Bg5 Rhe8 18. Bxe7 Rxe7 19. Nfd2 Nb6 20. Nb3 Rxd1+ 21. Rxd1 Qb4 22. Nd6+ Nxd6 23. exd6 Rd7 24. Qxh5 g6 25. Rc1+ Nc4 26. Qc5+ Qxc5 27. Nxc5 Nxd6 28. Nxd7+ Kxd7 29. Kg2 1-0

[Event "Catarinense-ch"]
[Site "Blumenau"]
[Date "2017.05.21"]
[Round "6"]
[White "Yamamoto, Eduardo Akio"]
[Black "Both, Vinicius Andre"]
[Result "1/2-1/2"]
[WhiteElo "2190"]
[BlackElo "1954"]
[PlyCount "70"]
[EventDate "2017.05.19"]
[EventType "swiss"]
[EventRounds "6"]
[EventCountry "BRA"]
[SourceTitle "CBM 178 Extra"]
[Source "ChessBase"]
[SourceDate "2017.06.22"]
[SourceVersion "1"]
[SourceVersionDate "2017.06.22"]
[SourceQuality "1"]

1. e4 c6 2. Nc3 d5 3. d4 dxe4 4. Nxe4 Nd7 5. Nf3 Ngf6 6. Ng3 Qc7 7. Bc4 e6 8. Qe2 Nb6 9. Bb3 c5 10. c3 cxd4 11. Nxd4 Be7 12. 0-0 0-0 13. Re1 Bd7 14. Bc2 Nbd5 15. Ne4 Nf4 16. Qf3 Ng6 17. Ng5 Bc5 18. Be3 e5 19. Nf5 Bxf5 20. Bxf5 Bxe3 21. Qxe3 Rfe8 22. Bxg6 hxg6 23. Rad1 Qa5 24. a3 Rad8 25. h3 a6 26. Ne4 Rxd1 27. Nxf6+ gxf6 28. Rxd1 Rd8 29. Qf3 Rxd1+ 30. Qxd1 Qb5 31. Qc2 Qd5 32. c4 Qd4 33. c5 a5 34. Qb3 Qxc5 35. Qxb7 Qc1+ 1/2-1/2

[Event "Catarinense-ch"]
[Site "Blumenau"]
[Date "2017.05.19"]
[Round "1"]
[White "Goncalves, Eduardo Galina"]
[Black "Both, Vinicius Andre"]
[Result "0-1"]
[WhiteElo "1784"]
[BlackElo "1954"]
[PlyCount "98"]
[EventDate "2017.05.19"]
[EventType "swiss"]
[EventRounds "6"]
[EventCountry "BRA"]
[SourceTitle "CBM 178 Extra"]
[Source "ChessBase"]
[SourceDate "2017.06.22"]
[SourceVersion "1"]
[SourceVersionDate "2017.06.22"]
[SourceQuality "1"]

1. e4 c6 2. d4 d5 3. exd5 cxd5 4. c4 Nf6 5. Nf3 e6 6. Nc3 Be7 7. Be2 0-0 8. 0-0 dxc4 9. Bxc4 Nbd7 10. Bf4 Nb6 11. Bb3 Nbd5 12. Be5 b6 13. Qd2 Bb7 14. Rac1 Rc8 15. Nxd5 Nxd5 16. Rxc8 Qxc8 17. Rc1 Qd7 18. Bxd5 Qxd5 19. a3 f6 20. Bf4 Rd8 21. h3 Qe4 22. Re1 Qf5 23. Bg3 Bxf3 24. gxf3 Qxh3 25. Qe3 Kf7 26. Bc7 Rd5 27. f4 Qg4+ 28. Kf1 h5 29. f3 Qf5 30. Bb8 Rd7 31. Qe4 Qxe4 32. Rxe4 Rb7 33. Bxa7 Rxa7 34. Re2 Rc7 35. Rd2 Bd6 36. f5 exf5 37. Ke2 Ke6 38. Ke3 Kd5 39. f4 g5 40. fxg5 fxg5 41. Kf3 g4+ 42. Kg2 h4 43. Kf2 h3 44. Rd1 Rc2+ 45. Kf1 Rxb2 46. Kg1 g3 47. Kf1 Bf4 48. Kg1 h2+ 49. Kh1 g2# 0-1

[Event "Joinville op U220"]
[Site "Joinville"]
[Date "2017.02.17"]
[Round "2"]
[White "Both, Vinicius Andre"]
[Black "Calcado, Acyr Rogerio"]
[Result "0-1"]
[WhiteElo "1942"]
[BlackElo "2143"]
[PlyCount "102"]
[EventDate "2017.02.17"]
[EventType "swiss"]
[EventRounds "7"]
[EventCountry "BRA"]
[SourceTitle "CBM 177 Extra"]
[Source "ChessBase"]
[SourceDate "2017.04.27"]
[SourceVersion "1"]
[SourceVersionDate "2017.04.27"]
[SourceQuality "1"]

1. d4 d5 2. c4 e6 3. Nc3 Nf6 4. cxd5 exd5 5. Qc2 Nbd7 6. Nf3 Bb4 7. g3 0-0 8. Bg2 Ne4 9. 0-0 Ndf6 10. a3 Bxc3 11. bxc3 c5 12. dxc5 Qa5 13. Be3 Be6 14. Bd4 Nd7 15. Nd2 Nexc5 16. Nf3 h6 17. Ne5 Nxe5 18. Bxe5 Rac8 19. Qb2 b6 20. Qb4 Qa6 21. Rad1 Qxe2 22. Rfe1 Qc4 23. Bf1 Qxb4 24. axb4 Nd7 25. Bd4 Rc7 26. Ra1 Nb8 27. Be5 Rb7 28. Ba6 Nxa6 29. Rxa6 Rd8 30. Bd4 Bf5 31. Raa1 Bd3 32. Re3 Bb5 33. f3 f6 34. Kf2 Kf7 35. Ke1 Ra8 36. Kd2 a5 37. bxa5 bxa5 38. Ree1 Bc4 39. Ke3 a4 40. Bc5 Rb2 41. h4 g5 42. hxg5 Re8+ 43. Kf4 hxg5+ 44. Kg4 Be2 45. Rxa4 Bxf3+ 46. Kxf3 Rxe1 47. Bd4 f5 48. Ra7+ Kg6 49. Ra6+ Kh5 50. Ra8 Rf1+ 51. Ke3 f4+ 0-1

[Event "Registro Oliveira Memorial"]
[Site "Registro"]
[Date "2016.07.03"]
[Round "4.5"]
[White "Both, Vinicius Andre"]
[Black "Do Valle Cardoso, Lucas"]
[Result "1/2-1/2"]
[WhiteElo "1909"]
[BlackElo "1502"]
[PlyCount "112"]
[EventDate "2016.07.02"]
[EventType "swiss"]
[EventRounds "6"]
[EventCountry "BRA"]
[SourceTitle "EXT 2022"]
[Source "ChessBase"]
[SourceDate "2021.10.06"]
[SourceVersion "1"]
[SourceVersionDate "2021.10.06"]
[SourceQuality "1"]

1. d4 Nf6 2. Nf3 d5 3. c4 c6 4. Qc2 e6 5. g3 Bd6 6. Bg2 0-0 7. 0-0 Nbd7 8. b3 Re8 9. Bb2 Qe7 10. Nc3 Ba3 11. Bxa3 Qxa3 12. Rfd1 dxc4 13. bxc4 Nb6 14. Qb3 Qe7 15. e4 c5 16. d5 exd5 17. cxd5 Bg4 18. Re1 Rad8 19. Rad1 Bxf3 20. Bxf3 c4 21. Qb5 Qe5 22. Qa5 Nc8 23. Bg2 g5 24. f3 Nd6 25. Ne2 Nh5 26. Qd2 Kh8 27. Qd4 f6 28. Qxe5 fxe5 29. Rb1 b5 30. Bh3 Re7 31. Nc3 Rb7 32. a3 a5 33. Na2 Rdb8 34. Rec1 b4 35. axb4 axb4 36. Bf1 c3 37. Rb3 g4 38. Kg2 gxf3+ 39. Kxf3 Nf6 40. Bd3 Rf8 41. Kg2 Nfxe4 42. Bxe4 Nxe4 43. Rxb4 Rf2+ 44. Kh3 Rxb4 45. Nxb4 Rb2 46. Nd3 Rd2 47. Nb4 Rd4 48. Nc2 Rxd5 49. Re1 Nf2+ 50. Kh4 Rd2 51. Ne3 Nd3 52. Ra1 Rxh2+ 53. Kg5 c2 54. Ng4 c1Q+ 55. Rxc1 Nxc1 56. Nxh2 Ne2 1/2-1/2

[Event "Registro Oliveira Memorial"]
[Site "Registro"]
[Date "2016.07.03"]
[Round "5.7"]
[White "Pereira, Daniele Costa"]
[Black "Both, Vinicius Andre"]
[Result "0-1"]
[WhiteElo "1610"]
[BlackElo "1909"]
[PlyCount "120"]
[EventDate "2016.07.02"]
[EventType "swiss"]
[EventRounds "6"]
[EventCountry "BRA"]
[SourceTitle "EXT 2022"]
[Source "ChessBase"]
[SourceDate "2021.10.06"]
[SourceVersion "1"]
[SourceVersionDate "2021.10.06"]
[SourceQuality "1"]

1. d4 Nf6 2. Nf3 d5 3. Bf4 c6 4. e3 Bf5 5. Bd3 Bxd3 6. Qxd3 e6 7. Nbd2 Bd6 8. Bg5 Nbd7 9. e4 dxe4 10. Nxe4 Qa5+ 11. Bd2 Qd5 12. Nxd6+ Qxd6 13. 0-0 0-0 14. Qb3 Qc7 15. Rfe1 Qb6 16. Bf4 Qxb3 17. axb3 a6 18. h3 h6 19. Ne5 Nxe5 20. Bxe5 Nd7 21. Bd6 Rfe8 22. g4 Rac8 23. Ra5 Nf6 24. g5 hxg5 25. Rxg5 g6 26. Be5 Nd7 27. Bd6 Kg7 28. Kg2 Rh8 29. Rh1 Rh4 30. Rg4 Rh5 31. Bb4 Nf6 32. Rg3 Nd5 33. Bd2 Ne7 34. Bc3 Kg8 35. Bd2 Nf5 36. Rg4 Rd8 37. Be3 c5 38. c3 cxd4 39. cxd4 Rc8 40. Bg5 Kg7 41. Rc1 Rhh8 42. Kf3 Rxh3+ 43. Ke4 Rxc1 44. Bxc1 Rxb3 45. Rg2 f6 46. f3 g5 47. d5 Rb4+ 48. Kd3 Rd4+ 49. Kc3 Rxd5 50. f4 Rc5+ 51. Kd2 Kg6 52. fxg5 fxg5 53. Kd1 Nh4 54. Rg4 Kh5 55. Re4 e5 56. Be3 Rd5+ 57. Kc2 Nf5 58. Bd2 g4 59. Re1 g3 60. Rh1+ Nh4 0-1

[Event "Registro Oliveira Memorial"]
[Site "Registro"]
[Date "2016.07.02"]
[Round "2"]
[White "Both, Vinicius Andre"]
[Black "Martins, Luis Carlos Ferreir"]
[Result "1-0"]
[WhiteElo "1909"]
[BlackElo "1827"]
[PlyCount "63"]
[EventDate "2016.07.02"]
[EventType "swiss"]
[EventRounds "6"]
[EventCountry "BRA"]
[SourceTitle "EXT 2017"]
[Source "ChessBase"]
[SourceDate "2016.10.25"]
[SourceVersion "1"]
[SourceVersionDate "2016.10.25"]
[SourceQuality "1"]

1. d4 e6 2. c4 d5 3. g3 c6 4. Bg2 f5 5. Nf3 Nf6 6. Bf4 Bd6 7. Bxd6 Qxd6 8. 0-0 0-0 9. Nc3 Ne4 10. Ne5 Nd7 11. Nxd7 Bxd7 12. Qd3 Rf6 13. f3 Ng5 14. e4 Rh6 15. Rae1 Nh3+ 16. Bxh3 Rxh3 17. Kg2 Rh6 18. cxd5 cxd5 19. exd5 exd5 20. f4 Re6 21. Re5 Rxe5 22. dxe5 Qb4 23. Qxd5+ Kh8 24. Qxd7 Qxb2+ 25. Rf2 Qxc3 26. Rd2 h6 27. Qd3 Qc6+ 28. Qf3 Qc1 29. Re2 Rd8 30. e6 Rd1 31. e7 Rg1+ 32. Kh3 1-0

[Event "Registro Oliveira Memorial"]
[Site "Registro"]
[Date "2016.07.02"]
[Round "3"]
[White "Luz, Arthur Nader"]
[Black "Both, Vinicius Andre"]
[Result "1/2-1/2"]
[WhiteElo "2074"]
[BlackElo "1909"]
[PlyCount "68"]
[EventDate "2016.07.02"]
[EventType "swiss"]
[EventRounds "6"]
[EventCountry "BRA"]
[SourceTitle "EXT 2017"]
[Source "ChessBase"]
[SourceDate "2016.10.25"]
[SourceVersion "1"]
[SourceVersionDate "2016.10.25"]
[SourceQuality "1"]

1. d4 e6 2. c4 b6 3. e4 Bb7 4. Bd3 Bb4+ 5. Bd2 Bxd2+ 6. Qxd2 f5 7. Nc3 fxe4 8. Nxe4 Nf6 9. Qc2 Nc6 10. Qc3 Nxe4 11. Bxe4 Qh4 12. Bf3 0-0 13. g3 Qf6 14. 0-0-0 Rab8 15. Rd2 a5 16. Kb1 Qf5+ 17. Ka1 d6 18. Bg2 e5 19. dxe5 Nxe5 20. Bxb7 Rxb7 21. Qd4 Rbb8 22. f4 Nc6 23. Qd5+ Qxd5 24. cxd5 Rbe8 25. Nf3 Nb4 26. a3 Na6 27. Nd4 Re4 28. Ne6 Re8 29. f5 Nc5 30. Ka2 Re7 31. Rf1 a4 32. Rdf2 Re5 33. Rd1 Rf7 34. g4 g6 1/2-1/2

[Event "BRA-ch U18"]
[Site "Itajai"]
[Date "2016.06.10"]
[Round "2"]
[White "De Melo, Tiago Rosa"]
[Black "Both, Vinicius Andre"]
[Result "1/2-1/2"]
[WhiteElo "1757"]
[BlackElo "1909"]
[PlyCount "150"]
[EventDate "2016.06.09"]
[EventType "swiss"]
[EventRounds "6"]
[EventCountry "BRA"]
[SourceTitle "CBM 172 Extra"]
[Source "ChessBase"]
[SourceDate "2016.06.21"]
[SourceVersion "1"]
[SourceVersionDate "2016.06.21"]
[SourceQuality "1"]

1. e4 c6 2. d4 d6 3. Nf3 Bg4 4. Be2 Nf6 5. Qd3 e6 6. c4 d5 7. cxd5 cxd5 8. e5 Nfd7 9. 0-0 Be7 10. Qb5 Qb6 11. Nc3 Nc6 12. Be3 Qxb5 13. Nxb5 0-0 14. Rac1 Rfc8 15. Nc3 Nb6 16. Nb1 h6 17. Nbd2 Na5 18. a3 Nac4 19. Nxc4 Nxc4 20. Bxc4 Rxc4 21. Nd2 Rcc8 22. Nb3 b6 23. Rxc8+ Rxc8 24. Rc1 Rxc1+ 25. Nxc1 Kf8 26. Kf1 Ke8 27. Ke1 Kd7 28. Bd2 Kc6 29. f3 Bf5 30. Bc3 Kb5 31. f4 Be4 32. g3 f6 33. Kd2 fxe5 34. dxe5 Bc5 35. Ne2 Kc4 36. Nc1 Bg1 37. b3+ Kc5 38. Bb4+ Kc6 39. Bf8 g6 40. Ne2 Bf2 41. Bxh6 d4 42. f5 Bxf5 43. Nc1 Kd5 44. Bf4 Ke4 45. Na2 Be3+ 46. Bxe3 dxe3+ 47. Ke1 Kd4 48. Nb4 Be4 49. Ke2 a5 50. Na2 Bd3+ 51. Kf3 e2 52. Kf2 Bb1 53. Nc1 Kc3 54. h4 Kb2 55. Nxe2 Kxb3 56. Nd4+ Kxa3 57. Nxe6 Kb4 58. Nd4 Kc5 59. e6 Kd6 60. g4 Ba2 61. h5 gxh5 62. gxh5 Bxe6 63. Ke3 Bg8 64. Kd3 a4 65. Kc3 Kc5 66. h6 b5 67. Ne6+ Kb6 68. Kb4 Kc6 69. Nf4 Kd6 70. Ne2 Ke5 71. Nc3 Kf6 72. Nxb5 Bb3 73. Nd4 Kg6 74. Nxb3 axb3 75. Kxb3 Kxh6 1/2-1/2

[Event "Sao Bento do Sul U2050 1st"]
[Site "Sao Bento do Sul"]
[Date "2016.05.21"]
[Round "5.4"]
[White "De Oliveira, Gustavo Alfredo Bue"]
[Black "Both, Vinicius Andre"]
[Result "1/2-1/2"]
[WhiteElo "1688"]
[BlackElo "1943"]
[PlyCount "53"]
[EventDate "2016.05.20"]
[EventType "swiss"]
[EventRounds "7"]
[EventCountry "BRA"]
[SourceTitle "EXT 2022"]
[Source "ChessBase"]
[SourceDate "2021.10.06"]
[SourceVersion "1"]
[SourceVersionDate "2021.10.06"]
[SourceQuality "1"]

1. d4 d5 2. Nf3 e6 3. Bf4 c5 4. c3 Nc6 5. e3 Nf6 6. Bd3 Be7 7. h3 0-0 8. Nbd2 Bd6 9. Ne5 Qc7 10. Ndf3 Ne4 11. Nxc6 Qxc6 12. Bxd6 Qxd6 13. 0-0 Nf6 14. Rc1 b6 15. Ne5 Nd7 16. Nxd7 Bxd7 17. Qe2 Bc6 18. Rfd1 c4 19. Bb1 f5 20. f3 Qg3 21. Rf1 Rae8 22. Qf2 Qxf2+ 23. Kxf2 b5 24. a3 Rb8 25. Bc2 Be8 26. Rb1 Rc8 27. Rfc1 1/2-1/2

[Event "Sao Bento do Sul U2050 1st"]
[Site "Sao Bento do Sul"]
[Date "2016.05.20"]
[Round "1.7"]
[White "Niehues, Luiz Cesar"]
[Black "Both, Vinicius Andre"]
[Result "0-1"]
[WhiteElo "1690"]
[BlackElo "1943"]
[PlyCount "90"]
[EventDate "2016.05.20"]
[EventType "swiss"]
[EventRounds "7"]
[EventCountry "BRA"]
[SourceTitle "EXT 2022"]
[Source "ChessBase"]
[SourceDate "2021.10.06"]
[SourceVersion "1"]
[SourceVersionDate "2021.10.06"]
[SourceQuality "1"]

1. d4 d5 2. c4 e6 3. Nc3 Nf6 4. Nf3 c6 5. Bg5 Nbd7 6. e3 Qa5 7. Bxf6 Nxf6 8. Bd3 Be7 9. 0-0 0-0 10. Qc2 dxc4 11. Bxc4 c5 12. dxc5 Qxc5 13. Bd3 Bd7 14. Rac1 Rac8 15. Qe2 Qh5 16. Ne4 Nxe4 17. Bxe4 Bb5 18. Bd3 Bc6 19. Nd4 Qxe2 20. Bxe2 Bd5 21. a3 Bf6 22. b4 g6 23. a4 Rfe8 24. b5 Bxd4 25. exd4 Bb3 26. Rxc8 Rxc8 27. a5 Rc2 28. Bf3 Bc4 29. Rb1 b6 30. axb6 axb6 31. g3 Rc3 32. Bc6 Rb3 33. Rxb3 Bxb3 34. f4 Kf8 35. Kf2 Ke7 36. Ke3 Kd6 37. Kd3 Bd5 38. Be8 Ke7 39. Bc6 Bxc6 40. bxc6 Kd6 41. g4 Kxc6 42. h4 Kd5 43. h5 gxh5 44. gxh5 b5 45. h6 b4 0-1

[Event "Sao Paulo op-B U2050 4th"]
[Site "Sao Paulo"]
[Date "2016.03.25"]
[Round "3"]
[White "Both, Vinicius Andre"]
[Black "Van Riemsdijk, Dirk Dagobert"]
[Result "1-0"]
[WhiteElo "1871"]
[BlackElo "2016"]
[PlyCount "85"]
[EventDate "2016.03.24"]
[EventType "swiss"]
[EventRounds "7"]
[EventCountry "BRA"]
[SourceTitle "CBM 171 Extra"]
[Source "ChessBase"]
[SourceDate "2016.04.26"]
[SourceVersion "1"]
[SourceVersionDate "2016.04.26"]
[SourceQuality "1"]

1. d4 Nf6 2. Nf3 d5 3. c4 g6 4. Nc3 Bg7 5. cxd5 Nxd5 6. e3 0-0 7. Bc4 Nxc3 8. bxc3 Nc6 9. 0-0 Na5 10. Be2 c5 11. Ba3 cxd4 12. cxd4 Be6 13. Qa4 a6 14. Bxe7 Qxe7 15. Qxa5 Rfc8 16. Rfc1 Bf8 17. Ne5 Qa3 18. Nc4 Bxc4 19. Qxa3 Bxa3 20. Rxc4 b5 21. Rxc8+ Rxc8 22. Bf3 Rc2 23. Bd5 Kf8 24. Bb3 Rc3 25. Kf1 a5 26. Rb1 Ke7 27. Bd1 b4 28. Bb3 f6 29. Ke2 h6 30. Rd1 Kd6 31. Rd2 Rc1 32. Rc2 Rb1 33. Kd3 Rh1 34. h3 g5 35. Ke4 Rg1 36. g3 Rh1 37. Kf5 Rxh3 38. Kxf6 Rh1 39. e4 Rc1 40. e5+ Kd7 41. Ba4+ Kd8 42. Rxc1 Bxc1 43. e6 1-0

[Event "Santa Catarina-ch sf1"]
[Site "Sao Bento do Sul"]
[Date "2016.03.05"]
[Round "3"]
[White "Both, Vinicius Andre"]
[Black "De Borba, Guilherme"]
[Result "0-1"]
[WhiteElo "1871"]
[BlackElo "2015"]
[PlyCount "63"]
[EventDate "2016.03.04"]
[EventType "swiss"]
[EventRounds "6"]
[EventCountry "BRA"]
[SourceTitle "EXT 2018"]
[Source "ChessBase"]
[SourceDate "2017.10.13"]
[SourceVersion "1"]
[SourceVersionDate "2017.10.13"]
[SourceQuality "1"]

1. d4 Nf6 2. Nf3 e6 3. c4 Bb4+ 4. Bd2 Qe7 5. a3 Bxd2+ 6. Nbxd2 d6 7. e3 0-0 8. Be2 e5 9. d5 a5 10. b3 Bd7 11. 0-0 Na6 12. Qc2 c6 13. e4 Rfc8 14. Qb1 cxd5 15. exd5 e4 16. Ng5 Re8 17. Re1 h6 18. Nh3 Bxh3 19. gxh3 Nh7 20. Nf1 Ng5 21. Bg4 h5 22. h4 hxg4 23. hxg5 Nc5 24. Ng3 Qe5 25. b4 axb4 26. axb4 Nd3 27. Rxa8 Rxa8 28. Rd1 Ra3 29. Qc2 Nxb4 30. Qe2 e3 31. fxe3 Qxg5 32. Nf1 0-1

[Event "Blumenau Taca Santa Catarina op"]
[Site "Blumenau"]
[Date "2015.11.07"]
[Round "4.9"]
[White "Carstens Dobuchak, Thiago"]
[Black "Both, Vinicius Andre"]
[Result "1/2-1/2"]
[WhiteElo "1989"]
[BlackElo "1835"]
[PlyCount "45"]
[EventDate "2015.11.06"]
[EventType "swiss"]
[EventRounds "6"]
[EventCountry "BRA"]
[SourceTitle "EXT 2022"]
[Source "ChessBase"]
[SourceDate "2021.10.06"]
[SourceVersion "1"]
[SourceVersionDate "2021.10.06"]
[SourceQuality "1"]

1. e4 c6 2. d4 d5 3. e5 Bf5 4. h4 h6 5. g4 Bd7 6. Nc3 e6 7. f4 h5 8. Bd3 c5 9. dxc5 Bxc5 10. f5 Nc6 11. Bf4 Qb6 12. Nge2 hxg4 13. fxe6 Bxe6 14. Nb5 Nb4 15. Nec3 a6 16. Nd6+ Bxd6 17. exd6 Nxd3+ 18. Qxd3 Nf6 19. 0-0-0 0-0-0 20. Be5 Rh5 21. Qg3 Qc6 22. Rd4 Ne8 23. Re1 1/2-1/2

[Event "Sao Bento do Sul op 5th"]
[Site "Sao Bento do Sul"]
[Date "2015.09.05"]
[Round "3"]
[White "Both, Vinicius Andre"]
[Black "Silva, Antonio Helder Da"]
[Result "1-0"]
[WhiteElo "1804"]
[BlackElo "1947"]
[PlyCount "67"]
[EventDate "2015.09.04"]
[EventType "swiss"]
[EventRounds "6"]
[EventCountry "BRA"]
[SourceTitle "EXT 2016"]
[Source "ChessBase"]
[SourceDate "2015.10.08"]
[SourceVersion "1"]
[SourceVersionDate "2015.10.08"]
[SourceQuality "1"]

1. d4 Nf6 2. Nf3 g6 3. g3 Bg7 4. Bg2 d6 5. 0-0 0-0 6. c4 Nc6 7. Nc3 Nh5 8. d5 f5 9. dxc6 bxc6 10. Nd4 Bxd4 11. Qxd4 e5 12. Qh4 Qe8 13. Bh6 Rf7 14. Bxc6 Bd7 15. Bxa8 Qxa8 16. Nd5 Qb8 17. Rac1 c6 18. Nc3 Nf6 19. Rfd1 Ne8 20. b3 a6 21. Qg5 f4 22. Ne4 Rf5 23. Qe7 Rf7 24. Qh4 Be6 25. Ng5 Re7 26. Nxe6 Rxe6 27. Qg4 Re7 28. Bg5 Rf7 29. Qe6 fxg3 30. hxg3 Qa8 31. Rc3 Ng7 32. Qxd6 Qa7 33. Be3 Qb7 34. Qxe5 1-0